000
00302nam a2200109Ia 4500
008
220203s9999 xx 000 0 und d
100
_a
Mercy Jose
245
0
_a
Natural Rubber: A Bibliography
260
_b
Rubber Research Institute of India
_a
Kottayam
_c
1994
700
_a
Accamma C. Korah
942
_c
PN
999
_c
45032
_d
45032